| 000 | 01212cam a22003497a 4500 | ||
|---|---|---|---|
| 003 | CHAP | ||
| 005 | 20220329141418.0 | ||
| 008 | 971013s1988 r 00010 d | ||
| 010 | _a67747 | ||
| 011 | _a68719 | ||
| 035 | _a78192 | ||
| 040 | _cCHAP | ||
| 090 | _aTesis | ||
| 100 | 0 | 0 |
_aGavi Reyes, Francisco. _947316 |
| 245 | 0 |
_aIncremento de la eficiencia agronómica de la roca fosfórica mediante su mezcla con estiércol, azufre y/o fertilizantes químicos _c/por Francisco Gavi Ryes |
|
| 260 |
_aMontecillo, Méx. : _bEl autor, _c1988 |
||
| 300 | _a124 h. | ||
| 502 | _aTesis (Maestro en Ciencias Esp. en Edafología) -- CP. Centro de Edafología | ||
| 590 |
_aALEPH _b10 _c20130110 _lUCH01 _h1403 |
||
| 590 |
_aBATCH-UPD _b10 _c20130110 _lUCH01 _h0927 |
||
| 590 |
_aBATCH-UPD _b10 _c20130410 _lUCH01 _h0547 |
||
| 590 |
_aBATCH-UPD _b10 _c20130914 _lUCH01 _h0513 |
||
| 590 |
_aCONVERSION _b10 _c20130109 _lUCH01 _h1337 |
||
| 650 | 1 | 4 |
_aAzufre. _99205 |
| 650 | 1 | 4 |
_aEstiércol. _938313 |
| 650 | 1 | 4 |
_aFertilizantes. _940447 |
| 650 | 1 | 4 |
_aRocas fosfóricas. _998165 |
| 901 | _aBK | ||
| 942 | _cFOLL | ||
| 949 |
_bBC _cTES _d-31066 _eTS1 _h20936 _i78192 _si |
||
| 949 |
_bBC _cTES _d-95760 _eTS2 _fc.2 _h20937 _i78192 _si |
||
| 999 |
_c67747 _d67747 |
||